| 000 | 01309nam a22003017a 4500 | ||
|---|---|---|---|
| 999 |
_c21149 _d21149 |
||
| 003 | AR-CdUCM | ||
| 008 | 190222b ||||| |||| 00| 0 spa d | ||
| 020 | _a9786124121166 | ||
| 040 |
_aMUNICIPALIDAD PROVINCIAL DEL CUSCO _cBIBLIOTECA MUNICIPAL DEL CUSCO |
||
| 082 |
_a301.985 / H43 _bH43 |
||
| 100 |
_aHernández Nieva, Juan Gustavo _944165 |
||
| 245 |
_aEl rastro del Yawar Mayu : _betnicidad e ideología en la obra de José María Arguedas / _cGustavo Hernández Nieva |
||
| 260 |
_aCusco : _bCentro Bartolomé de Las Casas, _c2016. |
||
| 300 |
_a162 páginas ; _b23 cm. |
||
| 440 |
_aAntropología _n20 _944166 |
||
| 505 | _aContenido: El escenario y los actores -- Un sistema de tipo casta 1932-1958 -- Las comunidades de España y el Perú 1958-1962 -- Modernización indígena y crítica de la racionalidad desarrollista 1964-1969 -- El hervidero tendido por los zorros -- El testimonio de Cornelio Pallajos -- Después de Arguedas. | ||
| 650 |
_aEtnicidad _91315 |
||
| 650 |
_aIndigenismo _9208 |
||
| 650 |
_aIdeologías _91776 |
||
| 650 |
_aAnálisis antropológico _944167 |
||
| 650 |
_aCrítica literaria _92609 |
||
| 650 |
_aCultura _9126 |
||
| 650 |
_aModernización _95169 |
||
| 650 |
_aJosé María Arguedas _9793 |
||
| 650 |
_aPerú _944168 |
||
| 942 |
_2ddc _cLIBROS |
||
| 945 | _aRoel | ||